| 000 | 01215nam a22002297a 4500 | ||
|---|---|---|---|
| 999 |
_c64076 _d64076 |
||
| 003 | Ge_BSU | ||
| 005 | 20260324172357.0 | ||
| 008 | 260324s1993 ge ||||| |||| 00| 0 geo d | ||
| 020 | _a5511005711 | ||
| 041 | _ageo | ||
| 080 | _a339.13 ძ-71 | ||
| 100 |
_aძნელაძე, დავით, _9898 |
||
| 245 |
_aსაბაზრო ეკონომიკის საკითხები / _cდავით ძნელაძე, [რედ. ს. ვარდიშვილი] |
||
| 264 |
_aთბილისი : _bთბილ. უნ-ტის გამ-ბა, _c1993. |
||
| 300 |
_a424გვ. ; _b 20 სმ. |
||
| 504 | _aბიბლიოგრ.: გვ. 418. | ||
| 653 | _aსაბაზრო ეკონომიკა. | ||
| 653 | _aწიგნში განხილულია საბაზრო ეკონომიკაზე გადასვლის პრობლემები და გზები, საბაზრო სტრუქტურები და ელემენტები. | ||
| 653 | _aეკონომიკა. | ||
| 700 |
_aვარდიშვილი, ს _eრედაქტორი _926034 |
||
| 942 |
_2udc _cᲬᲘᲒᲜᲘ |
||